[Event "Lugano Open"]
[Site "Lugano SUI"]
[Date "1983.??.??"]
[Round "8"]
[White "Franco Ocampos, Zenon"]
[Black "Seirawan, Yasser"]
[Result "0-1"]
[WhiteElo "2500"]
[BlackElo "2600"]
[PlyCount "132"]
[EventDate "1983.03.??"]
[Source "www.chesslib.no"]
[SourceDate "2004.05.04"]

1. d4 Nf6 2. c4 e6 3. Nc3 Bb4 4. e3 c5 5. Bd3 Nc6 6. Nge2 d5 7. O-O O-O 8. a3 Bxc3 9. bxc3 dxc4 10. Bxc4 e5 11. Ba2 cxd4 12. cxd4 exd4 13. exd4 Be6 14. Bxe6 fxe6 15. Rb1 Qd7 16. Qb3 b6 17. Bf4 Rac8 18. Rbd1 Na5 19. Qd3 Qf7 20. Bd2 Nc4 21. Bc1 Nd5 22. Ng3 Nd6 23. Bd2 a5 24. Rde1 Rc6 25. Re2 Nc4 26. Bc1 Nd6 27. Bd2 Nf5 28. Ne4 h6 29. Rfe1 Rd8 30. Ng3 Nfe7 31. Ne4 Rdc8 32. Ng3 Ng6 33. Re4 Nf6 34. R4e2 Nd5 35. Re4 Nf6 36. R4e2 Nf8 37. Ne4 Nd5 38. Qg3 Qg6 39. Qf3 Rc2 40. Qb3 R8c6 41. g3 Qf5 42. Qd3 R2c4 43. Rd1 Ng6 44. Ree1 Nge7 45. Rc1 Rxc1 46. Rxc1 Rxc1+ 47. Bxc1 Qf8 48. Bb2 Nf5 49. Nd2 Nd6 50. Kg2 Qf5 51. Qxf5 exf5 52. a4 Kf7 53. Kf3 Ke6 54. Ke2 g5 55. f3 Nb4 56. Nf1 Nc4 57. Bc3 h5 58. h4 g4 59. fxg4 fxg4 60. Nh2 Kd5 61. Nf1 Ke4 62. Nd2+ Nxd2 63. Kxd2 Nd5 64. Ba1 Ne3 65. d5 Nxd5 66. Ke2 Nc7 0-1

[Event "Kostic mem"]
[Site "?"]
[Date "1979.??.??"]
[Round "14"]
[White "Bronstein David I"]
[Black "Stean Michael"]
[Result "1/2-1/2"]
[WhiteElo "2555"]
[BlackElo "2540"]
[PlyCount "36"]
[EventDate "1979.??.??"]
[Source "www.chesslib.no"]
[SourceDate "2004.05.04"]

1. d4 Nf6 2. c4 e6 3. Nc3 Bb4 4. e3 O-O 5. Bd3 c5 6. Nge2 d5 7. O-O dxc4 8. Bxc4 Nc6 9. a3 Bxc3 10. bxc3 e5 11. dxc5 Qa5 12. a4 Qxc5 13. Bb5 Rd8 14. Ba3 Qb6 15. Qc2 Be6 16. Ng3 Qc7 17. Ne4 Nxe4 18. Qxe4 Na5 1/2-1/2

[Event "Linares Anibal op 3rd"]
[Site "Linares"]
[Date "1996.??.??"]
[Round "?"]
[White "Ibragimov, Ildar"]
[Black "Bischoff, Klaus"]
[Result "1/2-1/2"]
[WhiteElo "2575"]
[BlackElo "2520"]
[PlyCount "34"]
[EventDate "1996.01.??"]
[Source "ChessBase"]

1. d4 e6 2. c4 Nf6 3. Nc3 Bb4 4. e3 O-O 5. Bd3 d5 6. a3 Bxc3+ 7. bxc3 c6 8. Ne2 b6 9. cxd5 cxd5 10. a4 Ba6 11. Ba3 Bxd3 12. Qxd3 Re8 13. O-O Nc6 14. c4 Na5 15. cxd5 exd5 16. f3 Nc4 17. Bc1 Rc8 1/2-1/2

[Event "Haninge"]
[Site "Haninge"]
[Date "1988.??.??"]
[Round "?"]
[White "Agdestein, Simen"]
[Black "Sosonko, Gennadi"]
[Result "1/2-1/2"]
[WhiteElo "2560"]
[BlackElo "2535"]
[PlyCount "80"]
[EventDate "1988.05.??"]
[Source "ChessBase"]

1. d4 Nf6 2. c4 e6 3. Nc3 Bb4 4. e3 c5 5. Bd3 Nc6 6. Nge2 cxd4 7. exd4 d5 8. a3 dxc4 9. Bxc4 Bxc3+ 10. bxc3 h6 11. Bf4 O-O 12. Bg3 Ne4 13. Bd3 Nxg3 14. hxg3 e5 15. d5 Nb8 16. Qd2 Qf6 17. Qe3 Bf5 18. Bxf5 Qxf5 19. c4 Nd7 20. Nc3 Rac8 21. Qe2 e4 22. Rd1 e3 23. fxe3 Qe5 24. Rd4 Qxg3+ 25. Kf1 Rfe8 26. Rh3 Qe5 27. Qg4 Nf6 28. Qd1 Qg5 29. Qf3 Nd7 30. Rg3 Ne5 31. Qf2 Qd8 32. d6 Re6 33. Nd5 Rxc4 34. Ne7+ Kf8 35. Kg1 Rxd6 36. Ng6+ Nxg6 37. Rxc4 Ne5 38. Re4 Rd5 39. Qb2 Qe7 40. Qb4 f6 1/2-1/2

[Event "London"]
[Site "?"]
[Date "1991.??.??"]
[Round "?"]
[White "Sadler, M."]
[Black "Chandler, M."]
[Result "1-0"]
[WhiteElo "2480"]
[BlackElo "2605"]
[PlyCount "79"]
[EventDate "1991.??.??"]
[Source "ChessBase"]
[SourceDate "1991.06.01"]

1. d4 Nf6 2. c4 e6 3. Nc3 Bb4 4. e3 O-O 5. Bd3 d5 6. a3 Bxc3+ 7. bxc3 dxc4 8. Bxc4 c5 9. Ne2 Qc7 10. Bd3 e5 11. O-O Nc6 12. Bb2 e4 13. Bb1 Na5 14. Ba2 c4 15. Nf4 b6 16. a4 Re8 17. Re1 Bb7 18. Ba3 Nd5 19. Bb4 Nxf4 20. exf4 Nb3 21. Bxb3 cxb3 22. Qxb3 Qxf4 23. c4 Rac8 24. a5 Ba6 25. Rac1 h6 26. axb6 axb6 27. Qa2 Bb7 28. Bd2 Qd6 29. Be3 Ra8 30. Qb3 Re6 31. d5 Rg6 32. c5 Qd7 33. c6 Qh3 34. Bg5 Qxb3 35. cxb7 Rb8 36. Rc8+ Kh7 37. Rxb8 Rxg5 38. Re8 Qf3 39. g3 Rf5 40. Rf1 1-0

[Event "New York op"]
[Site "New York"]
[Date "1990.??.??"]
[Round "6"]
[White "Lerner, Konstantin Z"]
[Black "Hellers, Ferdinand"]
[Result "1/2-1/2"]
[WhiteElo "2560"]
[BlackElo "2525"]
[PlyCount "80"]
[EventDate "1990.04.??"]
[Source "ChessBase"]

1. d4 Nf6 2. c4 e6 3. Nc3 Bb4 4. e3 O-O 5. Bd3 d5 6. a3 Bxc3+ 7. bxc3 dxc4 8. Bxc4 c5 9. Ne2 Qc7 10. Bd3 e5 11. O-O Nc6 12. Qc2 Be6 13. a4 Rfc8 14. dxc5 Na5 15. Ba3 Nb3 16. Rab1 Nxc5 17. Bxc5 Qxc5 18. Rb5 Qd6 19. Rd1 Qc7 20. Rdb1 b6 21. h3 Rd8 22. Ng3 Rac8 23. Bf5 Bxf5 24. Qxf5 Re8 25. a5 Qxc3 26. axb6 axb6 27. Rxb6 Rc6 28. Rb7 Rc7 29. Kh2 Rxb7 30. Rxb7 Qc6 31. Qb1 h6 32. Nf5 e4 33. g4 Qe6 34. Kg2 h5 35. Rb6 Qe5 36. Rb5 Qe6 37. Nd4 Qd6 38. Rg5 g6 39. Qa2 Kf8 40. gxh5 Nxh5 1/2-1/2

[Event "Saint John op-2"]
[Site "Saint John"]
[Date "1988.??.??"]
[Round "?"]
[White "Groszpeter, Attila"]
[Black "Ehlvest, Jaan"]
[Result "0-1"]
[WhiteElo "2495"]
[BlackElo "2585"]
[PlyCount "98"]
[EventDate "1988.01.??"]
[Source "ChessBase"]

1. d4 Nf6 2. c4 e6 3. Nc3 Bb4 4. e3 O-O 5. Bd3 d5 6. Nge2 dxc4 7. Bxc4 c5 8. a3 Bxc3+ 9. bxc3 Nc6 10. O-O e5 11. Bb2 Be6 12. Bxe6 fxe6 13. Qb3 Qd5 14. c4 Na5 15. cxd5 Nxb3 16. Rad1 exd4 17. dxe6 Rae8 18. exd4 Rxe6 19. Nc1 Nxd4 20. Bxd4 cxd4 21. Rxd4 Rc8 22. Nd3 Re2 23. Nf4 Ra2 24. a4 Kf7 25. h3 b6 26. Re1 Rcc2 27. g4 h6 28. h4 Rd2 29. Rxd2 Rxd2 30. f3 Rd4 31. Ne6 Rxa4 32. Nd8+ Kg6 33. Re7 h5 34. g5 Nd5 35. Rd7 Nf4 36. Nc6 a5 37. Rb7 Nd5 38. Rd7 Nb4 39. Ne7+ Kf7 40. Rb7 Ke6 41. f4 g6 42. Nxg6 Nd5 43. Nf8+ Kf5 44. Rf7+ Kg4 45. g6 Kf3 46. g7 Ra1+ 47. Kh2 Ne3 48. g8=Q Ng4+ 49. Qxg4+ hxg4 0-1

[Event "Santo Antonio"]
[Site "Santo Antonio"]
[Date "2001.05.19"]
[Round "1"]
[White "Yakovich, Yuri"]
[Black "Campora, Daniel Hugo"]
[Result "1-0"]
[WhiteElo "2577"]
[BlackElo "2503"]
[PlyCount "133"]
[EventDate "2001.05.19"]
[Source "ChessBase"]
[SourceDate "2001.09.13"]

1. d4 Nf6 2. c4 e6 3. Nc3 Bb4 4. f3 d5 5. a3 Bxc3+ 6. bxc3 c5 7. cxd5 exd5 8. e3 O-O 9. Bd3 b6 10. Ne2 Ba6 11. O-O Re8 12. Ng3 Bxd3 13. Qxd3 Nc6 14. Ra2 Rc8 15. Re2 Re6 16. Bb2 cxd4 17. cxd4 Na5 18. e4 Rec6 19. e5 Ne8 20. f4 Nc4 21. f5 f6 22. Nh5 Nxb2 23. Rxb2 Rc3 24. Qe2 fxe5 25. dxe5 Qg5 26. f6 R8c7 27. Nf4 Rc1 28. f7+ Rxf7 29. Rxc1 Qxf4 30. Qd2 Qxe5 31. Re1 Qb8 32. Qxd5 Nf6 33. Qc4 Qf8 34. Rbe2 Kh8 35. a4 h6 36. h3 Rd7 37. Qc2 Qf7 38. Re6 Rc7 39. Qd3 Rd7 40. Qc2 Rc7 41. Rc6 Rxc6 42. Qxc6 Kh7 43. Qc2+ Kg8 44. Qc8+ Kh7 45. Qf5+ Kg8 46. Qe6 Nd5 47. Qc8+ Kh7 48. Qc2+ Qg6 49. Qxg6+ Kxg6 50. Re5 Nc3 51. Re7 Nxa4 52. Rxa7 Nc5 53. Rc7 Na4 54. Rc4 Nc5 55. Rb4 Nd7 56. Rd4 Nf6 57. Rd6 h5 58. Rxb6 h4 59. Kf2 Kf5 60. Rb5+ Kf4 61. Rb4+ Kg5 62. Kf3 Kh5 63. Rb6 Ng8 64. Kf4 g5+ 65. Kf5 Ne7+ 66. Ke6 Ng8 67. Kf7 1-0

[Event "Chebanenco mem 1st"]
[Site "Kishinev"]
[Date "1998.02.14"]
[Round "6"]
[White "Aleksandrov, Aleksej"]
[Black "Itkis, Boris"]
[Result "1/2-1/2"]
[WhiteElo "2615"]
[BlackElo "2460"]
[PlyCount "82"]
[EventDate "1998.02.09"]
[Source "ChessBase"]
[SourceDate "1998.06.15"]

1. d4 e6 2. c4 Nf6 3. Nc3 Bb4 4. e3 O-O 5. Bd3 d5 6. a3 Bxc3+ 7. bxc3 dxc4 8. Bxc4 c5 9. Ne2 Qc7 10. Ba2 b6 11. O-O Ba6 12. Re1 Nc6 13. Ng3 Rfd8 14. Nh5 Nxh5 15. Qxh5 Na5 16. d5 exd5 17. Bxd5 Bb7 18. c4 b5 19. Bxb7 Qxb7 20. Rb1 Nxc4 21. Qxc5 Rab8 22. a4 a6 23. axb5 axb5 24. h3 Rdc8 25. Qb4 h6 26. e4 Qc7 27. Rb3 Re8 28. Rd3 Qc6 29. Bf4 Rbd8 30. Rxd8 Rxd8 31. Bg3 Rd2 32. Kh2 Rd4 33. Qe7 Qd7 34. Qc5 Nd2 35. f3 b4 36. Be5 Nb3 37. Qc2 Rd3 38. Qc4 Na5 39. Qxb4 Nc6 40. Qb2 Nxe5 41. Qxe5 Rxf3 1/2-1/2

[Event "Baden"]
[Site "Vienna"]
[Date "1980.??.??"]
[Round "8"]
[White "Byrne, Robert E"]
[Black "Miles, Anthony J"]
[Result "1/2-1/2"]
[WhiteElo "2530"]
[BlackElo "2545"]
[PlyCount "102"]
[EventDate "1980.??.??"]
[Source "ChessBase"]

1. d4 Nf6 2. c4 e6 3. Nc3 Bb4 4. e3 O-O 5. Bd3 d5 6. Nge2 c5 7. O-O Nc6 8. a3 Bxc3 9. bxc3 dxc4 10. Bxc4 e5 11. Bb2 Qe7 12. Ba2 Rd8 13. d5 c4 14. Bxc4 Qc5 15. Ba2 Nxd5 16. Qc2 Be6 17. Ng3 Rac8 18. c4 Nf6 19. Rac1 Na5 20. Rfd1 Rxd1+ 21. Qxd1 h6 22. Nh5 Ne8 23. h3 Nxc4 24. Bxc4 Bxc4 25. Qd7 Rb8 26. Ng3 Nf6 27. Qd1 b5 28. Nf5 Rb6 29. Qf3 Re6 30. Rd1 Kh7 31. Qb7 Re8 32. Rc1 Qd5 33. Qxd5 Bxd5 34. Nd6 Re7 35. Nc8 Rb7 36. Bxe5 Ne8 37. Nd6 Nxd6 38. Bxd6 a5 39. Rc5 Be6 40. Rc7 Rxc7 41. Bxc7 b4 42. axb4 axb4 43. e4 g5 44. Bd6 b3 45. Be5 h5 46. f3 h4 47. Kf2 Bd7 48. Ke3 Kg6 49. Bb2 f5 50. exf5+ Kxf5 51. Bc3 Bb5 1/2-1/2

[Event "25th Open"]
[Site "Oberwart"]
[Date "2003.??.??"]
[Round "6"]
[White "Cebalo, Miso"]
[Black "Pavlovic, Milos"]
[Result "0-1"]
[WhiteElo "2510"]
[BlackElo "2565"]
[PlyCount "74"]
[EventDate "2003.07.05"]
[Source "Roberto Alvarez"]
[SourceDate "2003.07.14"]

1. d4 Nf6 2. c4 e6 3. Nc3 Bb4 4. e3 O-O 5. Bd3 d5 6. a3 Bxc3+ 7. bxc3 dxc4 8. Bxc4 c5 9. Ne2 Qc7 10. Ba2 b6 11. O-O Ba6 12. Re1 Nc6 13. Ng3 Rfd8 14. Bb2 Rd7 15. c4 Ne5 16. Qa4 Nd3 17. Qxa6 Nxb2 18. Qb5 Nd3 19. Red1 Nxf2 20. Kxf2 Ng4+ 21. Kg1 Nxe3 22. Rd2 Rxd4 23. Rxd4 cxd4 24. Nf1 Rd8 25. Qb2 Ng4 26. Qe2 h5 27. Qd3 Ne5 28. Qg3 d3 29. Nd2 Qc5+ 30. Kf1 Ng4 31. Re1 Qg5 32. Qc7 Qxd2 33. Qxd8+ Kh7 34. Qh4 Qf4+ 35. Kg1 Qd4+ 36. Kf1 d2 37. Bb1+ Kh6 0-1

[Event "20th Open"]
[Site "Cappelle la Grande"]
[Date "2004.03.01"]
[Round "3"]
[White "Pham Minh Hoang"]
[Black "Georgiev, Kiril"]
[Result "1/2-1/2"]
[WhiteElo "2436"]
[BlackElo "2637"]
[PlyCount "88"]
[EventDate "2004.02.28"]
[Source "Roberto Alvarez"]
[SourceDate "2004.03.08"]

1. d4 Nf6 2. c4 e6 3. Nc3 Bb4 4. e3 O-O 5. Bd3 d5 6. Nge2 dxc4 7. Bxc4 c5 8. O-O Nc6 9. a3 Bxc3 10. bxc3 Qc7 11. f4 b6 12. Bd3 Bb7 13. e4 cxd4 14. e5 Nd5 15. cxd4 Rad8 16. Qc2 h6 17. Bd2 f5 18. exf6 Rxf6 19. Rac1 Qd6 20. Qa4 a6 21. Bb1 Nde7 22. Bc3 Qd5 23. Rf2 Nf5 24. Qc2 Nce7 25. Ba2 Qd6 26. d5 Rg6 27. Bb4 Qb8 28. Bxe7 Nxe7 29. dxe6 Qd6 30. Qxg6 Nxg6 31. e7+ Kh8 32. exd8=Q+ Qxd8 33. f5 Ne5 34. Nf4 Ng4 35. Ng6+ Kh7 36. Rd2 Qb8 37. Rc7 Qxc7 38. Nf8+ Kh8 39. Ng6+ Kh7 40. Nf8+ Kh8 41. Bb3 Nf6 42. Bg8 Kxg8 43. Rd5 Nxd5 44. a4 Ne7 1/2-1/2

[Event "Berliner Sommer"]
[Site "Berlin"]
[Date "1996.??.??"]
[Round "6"]
[White "Sturua, Zurab"]
[Black "Timoshenko, Georgy"]
[Result "1-0"]
[WhiteElo "2560"]
[BlackElo "2510"]
[PlyCount "83"]
[EventDate "1996.08.??"]
[Source "ChessBase"]

1. d4 Nf6 2. c4 e6 3. Nc3 Bb4 4. e3 O-O 5. Bd3 d5 6. Nge2 dxc4 7. Bxc4 c5 8. a3 Bxc3+ 9. bxc3 Qc7 10. Ba2 e5 11. O-O Rd8 12. Bb2 Be6 13. c4 exd4 14. exd4 Ng4 15. g3 Ne5 16. d5 Bf5 17. Nf4 Nbd7 18. f3 Qd6 19. Qd2 Qh6 20. Rad1 Re8 21. Qc3 Ng6 22. Ng2 Re2 23. h4 Nge5 24. Rf2 Rxf2 25. Kxf2 Re8 26. g4 Bxg4 27. fxg4 Nxg4+ 28. Kg1 Nde5 29. Rf1 Qd6 30. Rf4 h5 31. Bb3 f6 32. Bc2 Nf7 33. Bd1 Ne3 34. Qd2 Nxd1 35. Qxd1 Qb6 36. Bc3 Qa6 37. a4 Nd6 38. Qxh5 Qxa4 39. Bxf6 Qc2 40. Bxg7 Kxg7 41. Rg4+ Kf8 42. Qh6+ 1-0

[Event "URS-chT"]
[Site "Moscow"]
[Date "1972.??.??"]
[Round "?"]
[White "Balashov, Yuri S"]
[Black "Osnos, Viatcheslav"]
[Result "1/2-1/2"]
[WhiteElo "2560"]
[BlackElo "2510"]
[PlyCount "49"]
[EventDate "1972.??.??"]
[Source "ChessBase"]

1. d4 Nf6 2. c4 e6 3. Nc3 Bb4 4. e3 O-O 5. Bd3 d5 6. a3 Bxc3+ 7. bxc3 dxc4 8. Bxc4 c5 9. Bb2 Qa5 10. Nf3 cxd4 11. exd4 Nbd7 12. O-O e5 13. Re1 exd4 14. Nxd4 Ne5 15. Bb5 Qc7 16. Qe2 Ng6 17. c4 Bg4 18. f3 Bd7 19. Bxd7 Nxd7 20. Nb5 Qc6 21. Qd3 Nc5 22. Qd4 f6 23. Rad1 Na4 24. Bc3 Nxc3 25. Nxc3 1/2-1/2

[Event "EU-chT (Men)"]
[Site "Batumi"]
[Date "1999.12.01"]
[Round "3.1"]
[White "Agrest, Evgenij"]
[Black "Mitkov, Nikola"]
[Result "1-0"]
[WhiteElo "2554"]
[BlackElo "2509"]
[PlyCount "79"]
[EventDate "1999.11.06"]
[Source "ChessBase"]
[SourceDate "2000.02.01"]

1. c4 e6 2. Nc3 d5 3. d4 Bb4 4. a3 Bxc3+ 5. bxc3 Nf6 6. e3 O-O 7. Bd3 b6 8. cxd5 exd5 9. Ne2 Ba6 10. Bxa6 Nxa6 11. Qd3 Nb8 12. O-O Re8 13. Bb2 Nc6 14. c4 Na5 15. cxd5 Qxd5 16. Rac1 c5 17. Nf4 Qb3 18. Qe2 Qa4 19. Rc2 c4 20. d5 Ne4 21. Nh5 g6 22. f3 c3 23. fxe4 cxb2 24. Nf6+ Kg7 25. Nxe8+ Rxe8 26. Rc7 b1=Q 27. Rxb1 Qxe4 28. Rd1 Rd8 29. Qf2 Qe8 30. e4 Rd7 31. Rxd7 Qxd7 32. e5 Qe7 33. Qf4 Kg8 34. d6 Qd7 35. Rc1 Nc6 36. Qc4 Nxe5 37. Qc8+ Kg7 38. Qxd7 Nxd7 39. Rc7 Nf8 40. d7 1-0

[Event "Manila zt 3.2a"]
[Site "Manila"]
[Date "2001.04.30"]
[Round "9"]
[White "Dao Thien Hai"]
[Black "Juswanto, Denny"]
[Result "1/2-1/2"]
[WhiteElo "2564"]
[BlackElo "2487"]
[PlyCount "94"]
[EventDate "2001.04.24"]
[Source "ChessBase"]
[SourceDate "2001.07.05"]

1. d4 Nf6 2. c4 e6 3. Nc3 Bb4 4. e3 O-O 5. Bd3 c5 6. Nge2 d5 7. a3 Bxc3+ 8. bxc3 dxc4 9. Bxc4 Nc6 10. O-O e5 11. a4 exd4 12. cxd4 cxd4 13. exd4 Bg4 14. Be3 Rc8 15. h3 Bh5 16. Rc1 Re8 17. Qd2 Na5 18. Ba2 b6 19. Nf4 Bg6 20. Nxg6 hxg6 21. Qd3 Kf8 22. Bd2 Nc6 23. Bc3 Qd6 24. Bb2 Qd7 25. Rcd1 Nd5 26. Qf3 Red8 27. Rc1 Kg8 28. Bb3 Qf5 29. Qxf5 gxf5 30. Rfe1 a5 31. Rc2 Ndb4 32. Rd2 Nd5 33. Kf1 g6 34. Bxd5 Rxd5 35. Rc2 Rdd8 36. d5 Nb8 37. Rxc8 Rxc8 38. Re7 Rd8 39. Rb7 Nd7 40. Bd4 Kf8 41. d6 Ke8 42. Ke2 Rc8 43. Ra7 f6 44. Rc7 Kd8 45. Ra7 Rc6 46. Ra8+ Rc8 47. Ra7 Rc6 1/2-1/2

[Event "Saint John op-1"]
[Site "Saint John"]
[Date "1988.??.??"]
[Round "?"]
[White "Nogueiras, Jesus"]
[Black "Inkiov, Ventzislav"]
[Result "1-0"]
[WhiteElo "2560"]
[BlackElo "2490"]
[PlyCount "99"]
[EventDate "1988.01.??"]
[Source "ChessBase"]

1. d4 d5 2. c4 e6 3. Nc3 Bb4 4. a3 Bxc3+ 5. bxc3 Nf6 6. e3 c5 7. cxd5 exd5 8. Bd3 O-O 9. Ne2 Nc6 10. O-O b6 11. f3 Re8 12. Ra2 Bb7 13. Ng3 cxd4 14. cxd4 h5 15. Re2 g6 16. Qe1 h4 17. Nh1 Nh5 18. Nf2 Re6 19. Nh3 Qf6 20. Bb2 Rd8 21. Kh1 Qe7 22. Qf2 a6 23. Ree1 b5 24. e4 dxe4 25. fxe4 Ne5 26. Be2 Rf6 27. Qe3 Nc4 28. Bxc4 bxc4 29. d5 Rxf1+ 30. Rxf1 f6 31. Nf4 Nxf4 32. Qxf4 Rf8 33. Bxf6 Qh7 34. Qe5 Bc8 35. h3 Qf7 36. Rf3 Re8 37. Qd4 Qb7 38. e5 Bf5 39. d6 Be6 40. Qxh4 Qh7 41. Qg5 Rc8 42. Be7 c3 43. Qf6 Bd7 44. e6 c2 45. exd7 c1=Q+ 46. Rf1 Qc4 47. dxc8=Q+ Qxc8 48. Qf8+ Qxf8 49. Rxf8+ Kg7 50. d7 1-0

[Event "Linares Anibal op 8th"]
[Site "Linares"]
[Date "2001.01.09"]
[Round "2"]
[White "Kacheishvili, Giorgi"]
[Black "Jenni, Florian"]
[Result "1-0"]
[WhiteElo "2556"]
[BlackElo "2493"]
[PlyCount "51"]
[EventDate "2001.01.08"]
[Source "ChessBase"]
[SourceDate "2001.03.20"]

1. d4 Nf6 2. c4 e6 3. Nc3 Bb4 4. e3 O-O 5. Bd3 c5 6. Nge2 Nc6 7. O-O d5 8. cxd5 exd5 9. a3 Bxc3 10. bxc3 Re8 11. f3 b6 12. Ra2 Bb7 13. g4 c4 14. Bb1 Na5 15. Ng3 Nb3 16. g5 Nd7 17. e4 Nxc1 18. Qxc1 b5 19. e5 a5 20. Nh5 Qb6 21. Nf6+ gxf6 22. gxf6 Kh8 23. Qh6 Rg8+ 24. Kh1 Nf8 25. Rg1 Ng6 26. Rg5 1-0

[Event "SSDF 40-2, DK Bramming"]
[Site "?"]
[Date "1999.05.03"]
[Round "36"]
[White "MChess 8 P200MMX 60MB"]
[Black "Nimzo 99 P200MMX 47MB"]
[Result "0-1"]
[WhiteElo "2481"]
[BlackElo "2565"]
[PlyCount "128"]
[EventDate "1999.??.??"]
[Source "www.chesslib.no"]
[SourceDate "2004.05.04"]

1. d4 Nf6 2. c4 e6 3. Nc3 Bb4 4. e3 O-O 5. Bd3 d5 6. a3 Bxc3+ 7. bxc3 c6 8. a4 b6 9. a5 Ba6 10. axb6 Qxb6 11. Ba3 Rc8 12. Nf3 dxc4 13. Bc2 Nbd7 14. O-O c5 15. Qe2 Bb7 16. Rfb1 Qc7 17. Ne5 cxd4 18. exd4 Bd5 19. Nxd7 Nxd7 20. f3 a5 21. Ra2 h6 22. Qe1 e5 23. Rd1 exd4 24. Rxd4 Nf6 25. Qd2 Qe5 26. Ba4 Qe6 27. Ra1 Qb6 28. Be7 Ne8 29. Kh1 Be6 30. Rd1 Qa7 31. Bh4 Qc5 32. Bg3 Nf6 33. Bd6 Qg5 34. Bf4 Qh5 35. Re1 Qg6 36. Be5 Ne8 37. Rd1 Qg5 38. Bf4 Qh5 39. Qe2 Qc5 40. Qf2 Qa3 41. Qc2 Qf8 42. Qb2 Qe7 43. Re1 Nf6 44. Bd6 Qa7 45. Qb1 Nd5 46. Qc1 Nb4 47. Re2 Nd3 48. Qb1 Qa6 49. Be7 Rcb8 50. Qg1 Bf5 51. Bc2 a4 52. Ba3 Re8 53. Bd1 Rxe2 54. Bxe2 Re8 55. Bxd3 cxd3 56. Bb4 a3 57. Qa1 a2 58. h3 Re2 59. c4 Bxh3 60. Rd8+ Kh7 61. Rd6 Qxc4 62. Rd4 Qc2 63. Rg4 Bxg2+ 64. Kg1 Qb1+ 0-1

[Event "SSDF 40-2, DK Bramming"]
[Site "?"]
[Date "1999.04.30"]
[Round "26"]
[White "MChess 8 P200MMX 60MB"]
[Black "Nimzo 99 P200MMX 47MB"]
[Result "1-0"]
[WhiteElo "2481"]
[BlackElo "2565"]
[PlyCount "117"]
[EventDate "1999.??.??"]
[Source "www.chesslib.no"]
[SourceDate "2004.05.04"]

1. d4 Nf6 2. c4 e6 3. Nc3 Bb4 4. e3 O-O 5. Bd3 d5 6. a3 Bxc3+ 7. bxc3 c5 8. cxd5 Qxd5 9. Qf3 cxd4 10. Qxd5 Nxd5 11. cxd4 b6 12. Bd2 Ba6 13. Bxa6 Nxa6 14. Nf3 Rfc8 15. Ke2 f6 16. Rhc1 Re8 17. Rc4 Rad8 18. Ra4 Ndc7 19. Rc1 g5 20. Kf1 h5 21. h4 g4 22. Ng1 e5 23. Ne2 Kf7 24. Bc3 Re6 25. Ba1 Rd7 26. dxe5 fxe5 27. Ng3 Kg6 28. Ne4 Rde7 29. Bb2 b5 30. Ra5 Kf5 31. Nc3 Rb6 32. Rd1 b4 33. axb4 Nxb4 34. Rxa7 Nc6 35. Rxc7 Rxc7 36. Rd6 e4 37. Nb5 Rf7 38. Rh6 Rxb5 39. Rxh5+ Ke6 40. Rxb5 g3 41. f3 exf3 42. e4 fxg2+ 43. Kxg2 Rf4 44. h5 Rxe4 45. Kxg3 Ne7 46. Kf3 Rh4 47. Re5+ Kf7 48. Ra5 Ke6 49. Kg3 Rb4 50. Ra6+ Kf5 51. Ba3 Rb3+ 52. Kh4 Nc6 53. h6 Ne5 54. h7 Rb1 55. Rf6+ Ke4 56. Kg3 Rh1 57. Rf4+ Kd5 58. Rh4 Rxh4 59. Kxh4 1-0

[Event "SSDF 40-2, DK Bramming"]
[Site "?"]
[Date "1999.05.01"]
[Round "30"]
[White "MChess 8 P200MMX 60MB"]
[Black "Nimzo 99 P200MMX 47MB"]
[Result "1-0"]
[WhiteElo "2481"]
[BlackElo "2565"]
[PlyCount "51"]
[EventDate "1999.??.??"]
[Source "www.chesslib.no"]
[SourceDate "2004.05.04"]

1. d4 Nf6 2. c4 e6 3. Nc3 Bb4 4. e3 O-O 5. Bd3 d5 6. a3 Bxc3+ 7. bxc3 dxc4 8. Bxc4 c5 9. Bb2 Qa5 10. Qd2 Ne4 11. Qc2 Nd6 12. Bd3 cxd4 13. exd4 e5 14. Ne2 exd4 15. Bxh7+ Kh8 16. Bd3 Nb5 17. O-O dxc3 18. Nxc3 Nd4 19. Qd1 Bf5 20. Bxf5 Nxf5 21. Nd5 f6 22. Qh5+ Nh6 23. Bxf6 Rxf6 24. Qe8+ Ng8 25. Nxf6 Nd7 26. Qxa8 1-0

[Event "SSDF 40-2, DK Bramming"]
[Site "?"]
[Date "1999.04.28"]
[Round "24"]
[White "MChess 8 P200MMX 60MB"]
[Black "Nimzo 99 P200MMX 47MB"]
[Result "1/2-1/2"]
[WhiteElo "2481"]
[BlackElo "2565"]
[PlyCount "132"]
[EventDate "1999.??.??"]
[Source "www.chesslib.no"]
[SourceDate "2004.05.04"]

1. d4 Nf6 2. c4 e6 3. Nc3 Bb4 4. e3 O-O 5. Bd3 d5 6. a3 Bxc3+ 7. bxc3 c5 8. cxd5 Qxd5 9. Qf3 cxd4 10. Qxd5 exd5 11. cxd4 b6 12. f3 Ba6 13. Ke2 Re8 14. Bd2 Bc4 15. Bxc4 dxc4 16. Kf2 Nc6 17. Ne2 b5 18. e4 a6 19. Rhd1 Nd7 20. Rab1 Rac8 21. Kg1 Kf8 22. Bf4 Kg8 23. a4 f5 24. axb5 axb5 25. Nc3 b4 26. Nb5 c3 27. Re1 fxe4 28. Nd6 Nf6 29. Nxc8 Rxc8 30. fxe4 Nxd4 31. Rxb4 Nc2 32. Rbb1 Nxe1 33. Rxe1 Rc4 34. Kf2 Nxe4+ 35. Ke2 Nc5 36. Rf1 c2 37. Bc1 Nb3 38. Kd3 Rc7 39. g3 h6 40. h3 g5 41. h4 gxh4 42. gxh4 h5 43. Re1 Kf7 44. Rg1 Rc8 45. Rf1+ Ke6 46. Rg1 Rc5 47. Rf1 Ke5 48. Bb2+ Kd6 49. Ba3 c1=Q 50. Rxc1 Nxc1+ 51. Ke3 Nb3 52. Kf4 Ke7 53. Bxc5+ Nxc5 54. Kg5 Kf7 55. Kxh5 Kg7 56. Kg5 Kh7 57. h5 Nb3 58. h6 Nd4 59. Kf4 Ne6+ 60. Ke5 Nc5 61. Kd5 Nb3 62. Kc4 Nd2+ 63. Kd3 Nf1 64. Kc4 Ne3+ 65. Kd3 Nd5 66. Kc4 Nf4 1/2-1/2

[Event "IX Open"]
[Site "Dubai EAU"]
[Date "2007.04.29"]
[Round "8"]
[White "Guliev, Sarh"]
[Black "Al Modiahki, M."]
[Result "1-0"]
[WhiteElo "2486"]
[BlackElo "2556"]
[PlyCount "76"]
[EventDate "2007.04.22"]
[Source "www.chesslib.no"]
[SourceDate "2004.05.04"]

1. d4 Nf6 2. c4 e6 3. Nc3 Bb4 4. e3 O-O 5. Bd3 d5 6. a3 Bxc3+ 7. bxc3 c5 8. Ne2 b6 9. cxd5 exd5 10. O-O Ba6 11. Bxa6 Nxa6 12. f3 Re8 13. Ng3 Nc7 14. Qd3 Ne6 15. Rd1 Qd7 16. a4 Rac8 17. e4 dxe4 18. fxe4 cxd4 19. cxd4 Rcd8 20. Nf5 Nc5 21. Qg3 g6 22. Nh6+ Kg7 23. e5 Nfe4 24. Qf3 f5 25. Be3 Nb3 26. Rab1 Qxa4 27. Nxf5+ gxf5 28. Rxb3 Kg6 29. Rbd3 h5 30. Qf4 Rh8 31. d5 Qd7 32. Rf1 Rdf8 33. Bc1 h4 34. Ba3 Nc5 35. Bxc5 bxc5 36. Qc4 Re8 37. e6 Qd6 38. Ra3 Re7 1-0

[Event "Amantea"]
[Site "?"]
[Date "1994.??.??"]
[Round "?"]
[White "Hoffman, A."]
[Black "Smagin, S."]
[Result "0-1"]
[WhiteElo "2500"]
[BlackElo "2540"]
[PlyCount "80"]
[EventDate "1994.??.??"]
[Source "ChessBase"]
[SourceDate "1995.02.01"]

1. d4 Nf6 2. c4 e6 3. Nc3 Bb4 4. e3 O-O 5. Bd3 d5 6. a3 Bxc3+ 7. bxc3 dxc4 8. Bxc4 c5 9. Ne2 Qc7 10. Ba2 b6 11. O-O Ba6 12. f3 Nc6 13. Rf2 Rfd8 14. Ng3 Rac8 15. Qe1 Rd7 16. Bb2 Na5 17. Nf1 Bc4 18. Nd2 Bxa2 19. Rxa2 e5 20. dxe5 Qxe5 21. c4 Qe6 22. e4 Rcd8 23. Ra1 Nh5 24. g3 Nxc4 25. Nxc4 Qxc4 26. f4 Nf6 27. Re2 Rd3 28. e5 Ne8 29. e6 f6 30. f5 Qg4 31. Qf1 R8d5 32. e7 Qxf5 33. Rf2 Qe6 34. Re2 Qd7 35. Qf4 Qf5 36. Qc4 Qh5 37. Rae1 Qf7 38. Qg4 h5 39. Qc8 Rd7 40. Re6 Rd1 0-1

[Event "Belgrade Trako"]
[Site "Belgrade"]
[Date "1995.??.??"]
[Round "1"]
[White "Ostojic, Nikola"]
[Black "Komarov, Dimitri"]
[Result "1/2-1/2"]
[WhiteElo "2465"]
[BlackElo "2575"]
[PlyCount "65"]
[EventDate "1995.03.??"]
[Source "ChessBase"]

1. d4 Nf6 2. c4 e6 3. Nc3 Bb4 4. e3 O-O 5. Bd3 d5 6. Nge2 c5 7. O-O dxc4 8. Bxc4 Nc6 9. a3 Bxc3 10. bxc3 Qc7 11. f4 b6 12. Bd3 a5 13. e4 cxd4 14. cxd4 Ba6 15. Bxa6 Rxa6 16. Qd3 Qb7 17. Bb2 Ne7 18. d5 exd5 19. Bxf6 gxf6 20. exd5 Nxd5 21. Rf3 b5 22. Nd4 Qb6 23. Kh1 Rd8 24. Re1 Ne7 25. Rg3+ Ng6 26. Nf5 Qc7 27. Qf3 Re6 28. Rf1 Kf8 29. Qh5 Qxf4 30. Rgf3 Qg5 31. Qxh7 Rd2 32. Qg7+ Ke8 33. Ng3 1/2-1/2